Les Jean-Jacques célèbres - Statistiques

Statistiques générales
  • Ce quiz a été pris 164 fois
  • Le résultat moyen est 3 sur 12
Statistiques - réponses
Par images Réponse % Correct
Jean-Jacques Goldman
99%
Jean-Jacques Rousseau
84%
Jean-Jacques Bourdin
55%
Jean-Jacques Annaud
25%
Jean-Jacques Debout
25%
Jean-Jacques Peroni
11%
Jean-Jacques Servan-Schreiber
10%
Jean-Jacques Beineix
8%
Jean-Jacques Sempé
8%
Jean-Jacques Dessalines
5%
Jean-Jacques Lafon
5%
Jean-Jacques Moreau
2%
Aucun quiz correspondant
Distribution des résultats
% des personnes avec chaque résultat
Percentile par nombre de réponses
Votre historique - résultats
Vous n’avez pas pris ce quiz